Normal view
MARC view
- Supervisor Muhammad Maqbool Sadiq
Entry Personal Name
001 - CONTROL NUMBER
- control field: 126624
003 - CONTROL NUMBER IDENTIFIER
- control field: NUST
005 - DATE AND TIME OF LATEST TRANSACTION
- control field: 20241030140306.0
008 - FIXED-LENGTH DATA ELEMENTS
- fixed length control field: 241030|| aca||aabn | a|a d
040 ## - CATALOGING SOURCE
- Original cataloging agency: NUST
- Transcribing agency: NUST
100 ## - HEADING--PERSONAL NAME
- Personal name: Supervisor Muhammad Maqbool Sadiq
670 ## - SOURCE DATA FOUND
- Source citation: Work cat.: (NUST)232418: Mirza Muhammad Shahzad Baig 51008, Experimental study on bagasse ash and marble waste in concrete/ , 2016.
